• 首页
  • 本馆介绍
  • 公告通知
  • 最新文献
  • 馆藏检索
  • 电子资源
  • 读者导购
  • 参考咨询
  • 我的图书馆
  • 登录
  • 详细信息显示
  • 放入我的书架
  • 预约/预借图书
  • 作者相关作品
  • 分类相关作品
  • 丛书相关作品
  • 出版社相关作品

书目信息

  • 表格格式
  • 工作单格式
  • 卡片格式
题名:
蛋白质加工技术
    
 
作者: 潘秋琴 , 江志炜 , 沈蓓英 编
分册:  
出版信息: 北京   化学工业出版社  2003
页数:
开本: 20cm
丛书名: 农产品现代加工技术丛书
单 册:
中图分类: TQ936
科图分类:
主题词: 蛋白质--化学加工--化学工业
电子资源:
ISBN: 7-5025-4157-8
000 00733nam0 2200229 450
001 0754114953
005 20070929150154.95
010    @a7-5025-4157-8
100    @a20070929d km y0chiy0120 ea
101 0  @achi
200 1  @a蛋白质加工技术@Adan bai zhi jia gong ji shu@f江志炜,沈蓓英,潘秋琴 编@Fjiang zhi wei,shen bei ying,pan qiu qin bian
210    @a北京@c化学工业出版社@d2003
215    @c插图@d20cm
225 2  @a农产品现代加工技术丛书
410  0 @12001 @a农产品现代加工技术丛书
606 0  @a蛋白质@x化学加工@x化学工业
690    @aTQ936@v3
701  0 @a潘秋琴@Apan qiu qin@4编
701  0 @a江志炜@Ajiang zhi wei@4编
701  0 @a沈蓓英@Ashen bei ying@4编
801  0 @aCN@bPFT@c20070929
905    @a213230@dTQ936@eh144@f1
    
    蛋白质加工技术/江志炜,沈蓓英,潘秋琴 编.-北京:化学工业出版社,2003
    插图;20cm.-(农产品现代加工技术丛书)
    
    
    ISBN 7-5025-4157-8:
    
●
相关链接 在E读中查询图书 在五车中查询图书 在当当中查询图书 在豆瓣中查询图书


正题名:蛋白质加工技术     索取号:TQ936/h144         预约/预借

序号 登录号 条形码 馆藏地/架位号 状态 备注
1 6002193   260021933   密集书库-化学系/ [索取号:TQ936/h144] 在馆    
唐山师范学院图书馆 欢迎您!
大连网信软件有限公司© 版权所有